000 00724cam a2200193 4500
001 ABS62190
008 000000n2000 000 0 eng u
035 _a(Sirsi) u105737
100 _aWatson, S.
245 _aExpert advice
260 _c2000
490 _aBuilding
_v265(8132) 14 April 2000, 79(1)
520 _aConsiders the duties of expert witnesses under CPR35 and sets out reasons why an expert might provide their own terms of appointment and if so doing what they should include.
590 _aABS
650 _aEXPERT WITNESSES
650 _aCIVIL PROCEDURE RULES 1998
690 _aMANAGEMENT-DISPUTE AVOIDANCE, MANAGEMENT AND RESOLUTION-DISPUTE MANAGEMENT AND RESOLUTION-EXPERT WITNESSES
942 _n0
999 _c63322
_d63322